Financial accounting (Record no. 2700)

000 -LEADER
fixed length control field 00610nam a22002177a 4500
003 - CONTROL NUMBER IDENTIFIER
control field OSt
005 - DATE AND TIME OF LATEST TRANSACTION
control field 20210716093150.0
008 - FIXED-LENGTH DATA ELEMENTS--GENERAL INFORMATION
fixed length control field 210716b ||||| |||| 00| 0 eng d
020 ## - INTERNATIONAL STANDARD BOOK NUMBER
International Standard Book Number 9781118024492
020 ## - INTERNATIONAL STANDARD BOOK NUMBER
International Standard Book Number 1118024494
040 ## - CATALOGING SOURCE
Transcribing agency ALUPE UNIVERSITY
050 ## - LIBRARY OF CONGRESS CALL NUMBER
Classification number HF563
Item number .F44 2012
100 ## - MAIN ENTRY--PERSONAL NAME
Personal name Paul D Kimmel
245 ## - TITLE STATEMENT
Title Financial accounting
Remainder of title tools for business decision-making.
250 ## - EDITION STATEMENT
Edition statement 5th Canadian ed.
260 ## - PUBLICATION, DISTRIBUTION, ETC.
Place of publication, distribution, etc. Mississauga, Ont.
Name of publisher, distributor, etc. John Wiley & Sons Canada,
Date of publication, distribution, etc. ©2012
300 ## - PHYSICAL DESCRIPTION
Extent 829p
650 ## - SUBJECT ADDED ENTRY--TOPICAL TERM
Source of heading or term Accounting -
700 ## - ADDED ENTRY--PERSONAL NAME
Personal name Jerry j. weygandt
942 ## - ADDED ENTRY ELEMENTS (KOHA)
Source of classification or shelving scheme
Koha item type Book
Suppress in OPAC DO
Holdings
Withdrawn status Lost status Source of classification or shelving scheme Damaged status Not for loan Permanent Location Current Location Shelving location Date acquired Source of acquisition Total Checkouts Full call number Barcode Date last seen Date last checked out Price effective from Koha item type Public note
          AU LIBRARY AU LIBRARY Open Shelf 16.07.2021 DONATION FROM MU 1 HF563 .F44 2012 28002757 05.12.2023 23.11.2023 16.07.2021 Book DO

Powered by Koha